| 000 | 00658nam a2200229Ia 4500 | ||
|---|---|---|---|
| 003 | OSt | ||
| 005 | 20220928120119.0 | ||
| 006 | a|||||r|||| 00| 0 | ||
| 007 | ta | ||
| 008 | 220927b |||||||| |||| 00| 0 eng d | ||
| 024 | _a34767 | ||
| 037 | _cTextual | ||
| 040 |
_aSDCL _cSDCL _beng |
||
| 041 |
_2eng _aeng |
||
| 082 | _aO152,2N7:g(W), P8 | ||
| 100 |
_aYadav Meragsingh A. _9447666 |
||
| 245 | 0 | _aSaathottari Hindi ke pramukh natakon mein raajneetik vyangya | |
| 260 |
_aUrai _bMidaas Publications _c2008 |
||
| 300 |
_axii,170p. _ccm. |
||
| 942 |
_hO152,2N7:g(W), P8 _cTEXL _2CC |
||
| 999 |
_c762324 _d762324 |
||